| 000 | 01152ngm a22004090a 4500 | ||
|---|---|---|---|
| 001 | PT41420 | ||
| 003 | AR-LpoUNG | ||
| 005 | 20210201235914.0 | ||
| 007 | vd cvaizq | ||
| 008 | 191001s1975||||ag |||||||||||||||||spa d | ||
| 037 | _c$8.75 | ||
| 040 |
_aAR-LpoUNG _bspa _cAR-LpoUNG _eaacr |
||
| 041 | _aspa | ||
| 044 | _aag | ||
| 082 | 0 | _a982.06 91ciu | |
| 100 | 1 |
_aJuárez, Nemesio _edir. |
|
| 245 | 1 | 0 |
_aCine social y político : _bdesde 1964 hasta 1973 |
| 260 |
_aBuenos Aires : _bBlackman, _c[1975]. |
||
| 300 | _aDVD (55 min.) : son., byn | ||
| 520 | _aSumario : "Los que trabajan" (1964, 10 min.), "Cine Testimonio de la Autogestión N§ 1" (1973, 10 min.), "El Ejército" (1969, 10 min.), "Muerte y Pueblo" (1969, 20 min.) | ||
| 650 | 4 | _aARGENTINA | |
| 650 | 4 | _aCULTURA | |
| 650 | 4 | _aDICTADURA | |
| 650 | 4 | _aGOBIERNO MILITAR | |
| 650 | 4 | _aMIGRACION LABORAL | |
| 650 | 4 | _aMUERTE | |
| 650 | 4 | _aPOBLACION | |
| 650 | 4 | _aPOBREZA | |
| 650 | 4 | _aSISTEMAS POLITICOS | |
| 650 | 4 | _aTRABAJADORES | |
| 653 | _aCINE ARGENTINO | ||
| 653 | _aDOCUMENTALES | ||
| 653 | _aDVD | ||
| 653 | _aVIDEOS | ||
| 905 | _a41420 | ||
| 942 | _cDVD | ||
| 999 |
_c53745 _d53745 |
||